01316nam0a22002771 4500001002700000005001700027035002600044100004100070101000800111102000700119105001800126200013700144210008000281215002600361300036300387320002900750606009000779686002100869701001900890701001900909701001900928701002000947801002200967801002300989852002601012RU\INFOCOMM_318\500002831120250613103348.0 a(NLR Aleph) 009465317 a20121031d1993 |||y0rusy50 ca0 aeng aRU ay z |||||1 aHigh charged ions from the special modification of the MEVVA ion sourcefV. A. Batalin, Yu. N. Volkov, T. V. Kulevoy, S. V. Petrenko aМоскваcИн-т теорет. и эксперим. физикиd1993 a6 с.cил.d20 см aВ вып. дан.: Получение высокоразрядных ионов в вакуумно-дуговом источнике ионов металла (ВДИИМ) с каналом дрейфа плазмы и электронным пучком от независимой электронной пушки / В. А. Баталин и др. aБиблиогр.: с. 60 aИонные источники вакуумно-дуговые3RU\NLR\AUTH\66495142 aВ338.4112rubbk 1aBatalinbV. A. 1aVolkovbJu. N. 1aKulevojbT. V. 1aPetrenkobS. V. 1aRUbNLRc20121031 0aRUbINFOCOMMgPSBO aNLRjФз01 Д-4/6977